书目信息 |
| 题名: |
英汉双向生物化学词典
|
|
| 作者: | 汪翠珍 主编 | |
| 分册: | ||
| 出版信息: | 上海 上海交通大学出版社 2009.01 |
|
| 页数: | 1011页 | |
| 开本: | 18cm | |
| 丛书名: | ||
| 单 册: | ||
| 中图分类: | Q5-61 | |
| 科图分类: | ||
| 主题词: | 生物化学--sheng wu hua xue--英语--汉语--词典 | |
| 电子资源: | ||
| ISBN: | 978-7-313-05257-5 | |
| 000 | 00991nam0 2200241 450 | |
| 001 | 012009640696 | |
| 005 | 20090811092304.29 | |
| 010 | @a978-7-313-05257-5@b精装@dCNY65.00 | |
| 100 | @a20090811d2009 em y0chiy0120 ea | |
| 101 | 0 | @achi@aeng |
| 102 | @aCN@b310000 | |
| 105 | @ay e 000yy | |
| 106 | @ar | |
| 200 | 1 | @a英汉双向生物化学词典@Aying han shuang xiang sheng wu hua xue ci dian@d= English-Chinese and Chinese-English dictionary of biochemistry@f汪翠珍主编@Fwang cui zhen zhu bian@zeng |
| 210 | @a上海@c上海交通大学出版社@d2009.01 | |
| 215 | @a1011页@d18cm | |
| 330 | @a本书在参考国内外最新生物化学词汇的基础上,精心编辑整理了三万条最常用的词汇,同时对每个词条的字义逐个考证,确保其正确性和适用性。 | |
| 510 | 1 | @aEnglish-Chinese and Chinese-English dictionary of biochemistry@zeng |
| 606 | 0 | @a生物化学@Asheng wu hua xue@x英语@x汉语@j词典 |
| 690 | @aQ5-61@v4 | |
| 701 | 0 | @a汪翠珍@Awang cui zhen@4主编 |
| 801 | 0 | @aCN@bQSSK@c20090811 |
| 905 | @b750835-36@dQ5-61@eW059@f2 | |
| 英汉双向生物化学词典= English-Chinese and Chinese-English dictionary of biochemistry/汪翠珍主编.-上海:上海交通大学出版社,2009.01 |
| 1011页;18cm |
| ISBN 978-7-313-05257-5(精装):CNY65.00 |
| 本书在参考国内外最新生物化学词汇的基础上,精心编辑整理了三万条最常用的词汇,同时对每个词条的字义逐个考证,确保其正确性和适用性。 |
| ● |
| 相关链接 |
|
|
|
正题名:英汉双向生物化学词典
索取号:Q5-61/W059
 
预约/预借
| 序号 | 登录号 | 条形码 | 馆藏地/架位号 | 状态 | 备注 |
| 1 | 750835 | 207508357 | 自科库401/401自科库 29排2列4层/ [索取号:Q5-61/W059] | 在馆 | |
| 2 | 750836 | 207508366 | 自科库401/401自科库 29排2列4层/ [索取号:Q5-61/W059] | 在馆 |